[Event "Hessen-ch U17 Open"]
[Site "Bad Homburg"]
[Date "2013.03.26"]
[Round "3"]
[White "Kornilov, Alexander"]
[Black "Rothermel, Henrik"]
[Result "1-0"]
[WhiteElo "1168"]
[BlackElo "1247"]
[PlyCount "55"]
[EventDate "2013.03.??"]
[EventType "swiss"]
[EventRounds "7"]
[EventCountry "GER"]
[SourceTitle "EXT 2014"]
[Source "ChessBase"]
[SourceDate "2013.11.20"]
[SourceVersion "1"]
[SourceVersionDate "2013.11.20"]
[SourceQuality "1"]

1. Nf3 Nc6 2. d4 g6 3. Bf4 Bg7 4. e3 Nf6 5. h3 d6 6. Nc3 Bf5 7. a3 Ne4 8. Nxe4 Bxe4 9. Bd3 Bxd3 10. Qxd3 e5 11. dxe5 dxe5 12. Qxd8+ Rxd8 13. Bh2 0-0 14. Nd2 Rd7 15. 0-0-0 b5 16. Nb3 Rxd1+ 17. Rxd1 b4 18. axb4 Nxb4 19. Rd7 Rc8 20. Na5 a6 21. c3 c5 22. cxb4 cxb4+ 23. Kb1 e4 24. Rb7 Rc5 25. Rb8+ Bf8 26. Bd6 Rxa5 27. Bxf8 Rd5 28. Bh6+ 1-0

[Event "Karl Mala Memorial op 15th"]
[Site "Frankfurt"]
[Date "2012.07.08"]
[Round "7"]
[White "Mook, Karl Juergen"]
[Black "Rothermel, Henrik"]
[Result "1-0"]
[WhiteElo "1595"]
[BlackElo "1003"]
[PlyCount "109"]
[EventDate "2012.07.05"]
[EventType "swiss"]
[EventRounds "7"]
[EventCountry "GER"]
[SourceTitle "CBM 149 Extra"]
[Source "ChessBase"]
[SourceDate "2012.08.24"]
[SourceVersion "1"]
[SourceVersionDate "2012.08.24"]
[SourceQuality "1"]

1. Nf3 Nc6 2. d4 d5 3. c4 Nf6 4. e3 Bf5 5. a3 e6 6. Be2 Be7 7. Nbd2 Qd7 8. 0-0 Ne4 9. Nxe4 dxe4 10. Ne5 0-0-0 11. Nxd7 Rxd7 12. b4 e5 13. d5 Nd8 14. Bg4 g6 15. Bxf5 gxf5 16. Qh5 Kb8 17. Qxf5 Rd6 18. Qxe4 Rg6 19. Bb2 f6 20. c5 Nf7 21. Kh1 Ng5 22. Qf5 Rhg8 23. h4 Rh6 24. g3 e4 25. Qd7 Nf3 26. Bc3 Nxh4 27. Qh3 Nf5 28. Qxh6 Nxh6 29. Kg2 Nf7 30. Rh1 Ng5 31. Rh6 f5 32. Rah1 a6 33. Bf6 Bxf6 34. Rxf6 Rd8 35. Rxf5 Nf3 36. Rxh7 Ne1+ 37. Kf1 Nc2 38. Rhf7 Ka7 39. Rxc7 Nxa3 40. Rff7 Nb5 41. Rxb7+ Ka8 42. d6 Nxd6 43. cxd6 Rxd6 44. Ra7+ Kb8 45. Rfb7+ Kc8 46. Kg2 Rh6 47. Rh7 Rxh7 48. Rxh7 Kd8 49. g4 Ke8 50. g5 Kf8 51. g6 Kg8 52. Ra7 Kf8 53. Kg3 Ke8 54. g7 Kd8 55. g8Q# 1-0

[Event "Karl Mala Memorial op 15th"]
[Site "Frankfurt"]
[Date "2012.07.07"]
[Round "4"]
[White "Rothermel, Henrik"]
[Black "Kitzler, Gerhard"]
[Result "1-0"]
[WhiteElo "1003"]
[BlackElo "1546"]
[PlyCount "49"]
[EventDate "2012.07.05"]
[EventType "swiss"]
[EventRounds "7"]
[EventCountry "GER"]
[SourceTitle "CBM 149 Extra"]
[Source "ChessBase"]
[SourceDate "2012.08.24"]
[SourceVersion "1"]
[SourceVersionDate "2012.08.24"]
[SourceQuality "1"]

1. e4 a6 2. Nf3 b5 3. g3 Bb7 4. d3 d6 5. Bh3 e5 6. Ng5 g6 7. Qf3 Qf6 8. Nc3 h6 9. Qg4 hxg5 10. Bxg5 Qg7 11. Nd5 f6 12. Qe6+ Kd8 13. Nxf6 Ne7 14. Nd7 Rxh3 15. Qxh3 Bc8 16. 0-0-0 Bxd7 17. Qh4 Nbc6 18. Rhf1 Nd4 19. f3 Qf7 20. Bf6 Qxa2 21. Qh8 Qa1+ 22. Kd2 Ke8 23. Rxa1 Be6 24. f4 Kd7 25. fxe5 1-0

[Event "Hessen-ch U14"]
[Site "Bad Homburg"]
[Date "2012.??.??"]
[Round "4"]
[White "Mueller, Michael8888"]
[Black "Rothermel, Henrik"]
[Result "0-1"]
[WhiteElo "1015"]
[BlackElo "842"]
[PlyCount "114"]
[EventDate "2012.04.??"]
[EventType "swiss"]
[EventRounds "9"]
[EventCountry "GER"]
[SourceTitle "EXT 2015"]
[Source "ChessBase"]
[SourceDate "2014.11.20"]
[SourceVersion "1"]
[SourceVersionDate "2014.11.20"]
[SourceQuality "1"]

1. e4 e5 2. Nf3 Nc6 3. Bc4 Bc5 4. d3 Nge7 5. Nc3 d6 6. h3 Bb4 7. Ng5 0-0 8. Qh5 h6 9. Bxf7+ Rxf7 10. Nxf7 Qf8 11. Nxh6+ gxh6 12. Bxh6 Qf7 13. Qg5+ Qg6 14. Qxg6+ Nxg6 15. a3 Ba5 16. Bd2 Nd4 17. h4 Nxc2+ 18. Ke2 Nf4+ 19. Kf3 Nxa1 20. Rxa1 Nxd3 21. b4 Bb6 22. Nd5 Bd4 23. Rf1 Bd7 24. Ne7+ Kh7 25. g3 Rf8+ 26. Ke2 Bb5 27. f3 Nc1+ 28. Kd1 Bxf1 29. Kxc1 Rxf3 30. g4 Bd3 31. Kd1 Bxe4 32. g5 Rf1+ 33. Ke2 Rf2+ 34. Ke1 Rh2 35. a4 Bd3 36. g6+ Kh8 37. Bg5 Re2+ 38. Kd1 e4 39. g7+ Bxg7 40. Ng6+ Kh7 41. h5 Bh6 42. Bxh6 Kxh6 43. Nf4 Rf2 44. Nxd3 exd3 45. Ke1 Ra2 46. a5 Kxh5 47. Kd1 Kg4 48. Kc1 Kf3 49. Kb1 d2 50. Kxa2 d1Q 51. b5 Qa4+ 52. Kb2 Qxb5+ 53. Kc2 Ke3 54. a6 Qe2+ 55. Kc1 Kd3 56. Kb1 Kc3 57. Ka1 Qb2# 0-1

[Event "Hessen-ch U14"]
[Site "Bad Homburg"]
[Date "2012.??.??"]
[Round "8"]
[White "Rothermel, Henrik"]
[Black "Hennemann, Florian"]
[Result "0-1"]
[WhiteElo "842"]
[BlackElo "929"]
[PlyCount "64"]
[EventDate "2012.04.??"]
[EventType "swiss"]
[EventRounds "9"]
[EventCountry "GER"]
[SourceTitle "EXT 2015"]
[Source "ChessBase"]
[SourceDate "2014.11.20"]
[SourceVersion "1"]
[SourceVersionDate "2014.11.20"]
[SourceQuality "1"]

1. e4 e5 2. Nf3 Nc6 3. Bc4 Bc5 4. Nc3 Nf6 5. d3 h6 6. Be3 Bb6 7. Qd2 d6 8. h3 Nd4 9. 0-0-0 Be6 10. Nd5 Bxd5 11. Bxd5 Nxd5 12. exd5 0-0 13. h4 Nxf3 14. gxf3 Qf6 15. Rhg1 Bxe3 16. Qxe3 Qxh4 17. Rg4 Qf6 18. Rdg1 Kh7 19. Rxg7+ Qxg7 20. Rxg7+ Kxg7 21. f4 f6 22. f5 Rg8 23. d4 b6 24. f4 Rae8 25. fxe5 dxe5 26. Qc3 Re7 27. Qa3 Rd7 28. Qxa7 exd4 29. Kd2 Kh8 30. Qb7 Rg2+ 31. Kd3 Rg3+ 32. Kxd4 c5+ 0-1